1563 1384 1230 1419 1324 1477 1932 1991 1180 1778 1484 1077 1356 1202 1953 1671 1087 1202 1729 1863 1401 1512 1359 1799 1548 1125 1052 1827 1635 1849 1292 1103 1575 1697 1928 1357 1899 1662 1371 1799 1037 1952 1127 1500 1808 1349 1868 1478 1758 1747 1735 1013 1974 1893 1136 1264 1615 1265 1994 1504 1112 1901 1305 1424 1554 1749 1274 1923 1438 1592 1506 1750 1070 1864 1779 1866 1221 1872 1144 1590 1466 1987 1101 1988 1723 1114 1435 1350 1878 1571 1581 1547 1201 1328 1715 1042 1256 1921 1938 BCNSPRNW ULIB Ver.6.0+V

เปลี่ยนเป็นภาษาไทย

Change to English
 แสดงรายละเอียดบรรณานุกรม
  กลับหน้าหลัก

Brief Record : Get Marc (ISO 2709) : E-mail record : QR code < ปิดหน้าต่าง
LEADER : 00000nam 2200000uu 4500
001    13399122107
003     ULIB
008    121226s2555||||th 000 0 tha d
060 04 ^aWA541.JT3^bผ932
110    ^a สำนักนโนบายและยุทธศาสตร์ สำนักงานปลัดกระทรวงสาธารณสุข
245 00 ^aแผนพัฒนาสุขภาพแห่งชาติ ในช่วงแผนพัฒนาเศรษฐกิจและสังคมแห่งชาติ ฉบับที่ 11 (พ.ศ.2555 - 2559) /^c[คณะกรรมการอำนวยการจัดทำแผนพัฒนาสุขภาพแห่งชาติ ]
260    ^a[นนทบุรี] :^bโรงพิมพ์องค์การสงเคราะห์ทหารผ่านศึก ในพระบรมราชูปถัมภ์,^c2555
650  4 ^aนโยบายด้านสุขภาพ
650  4 ^aแผนพัฒนาสุขภาพแห่งชาติ
710 2  ^aสำนักนโนบายและยุทธศาสตร์ สำนักงานปลัดกระทรวงสาธารณสุขกระทรวงสาธารณสุข.
710    ^a คณะกรรมการอำนวยการจัดทำแผนพัฒนาสุขภาพแห่งชาติฉบับที่ 11 พ.ศ.2555 - 2559 กระทรวงสาธารณสุข
856    ^zแผนพัฒนาสุขภาพแห่งชาติ ฉบับที่ 11.pdf (Fulltext)^uhttp://ulibm.bcnsprnw.ac.th/ULIB6//_fulltext/fulltext/13399122107/20121226141111_1414.pdf
945    ^p0^l0^i033345
945    ^p0^l0^i033346
945    ^p0^l0^i033347
945    ^p0^l0^i033348
945    ^p0^l0^i033349
945    ^p0^l0^i033350
945    ^p0^l0^i033351
995    ^aเกษร
999    ^aใช้งานได้ทุกระบบ
รายการนี้ยังไม่มีแท็ก
คุณยังไม่ได้ล็อกอิน คุณสามารถมีกิจกรรมร่วมกับเว็บไซต์ได้ แต่ต้องล็อกอินก่อน ::
  ล็อกอิน

รายการสื่อสารสนเทศ

ลำดับที่ ประเภท เลขเรียก/บาร์โค้ด สถานที่ สถานะ
1. วิทยาศาสตร์การแพทย์ และสุขภาพ
หนังสือสำรอง
สถานะ=หนังสือสำรอง
WA541.JT3 ผ932 ฉ.1 
  Barcode: 033345
ห้องสมุดวิทยาเขตสวรรค์ประชารักษ์
►ส่วนจัดเก็บหนังสือเก่า สปร
บนชั้น
  ขอยืม
2. วิทยาศาสตร์การแพทย์ และสุขภาพ
วิทยาศาสตร์การแพทย์ และสุขภาพ
WA541.JT3 ผ932 ฉ.2 
  Barcode: 033346
ห้องสมุดวิทยาเขตสวรรค์ประชารักษ์
►ส่วนจัดเก็บหนังสือเก่า สปร
บนชั้น
  ขอยืม
3. วิทยาศาสตร์การแพทย์ และสุขภาพ
วิทยาศาสตร์การแพทย์ และสุขภาพ
WA541.JT3 ผ932 ฉ.3 
  Barcode: 033347
ห้องสมุดวิทยาเขตสวรรค์ประชารักษ์
►ส่วนจัดเก็บหนังสือเก่า สปร
บนชั้น
  ขอยืม
4. วิทยาศาสตร์การแพทย์ และสุขภาพ
วิทยาศาสตร์การแพทย์ และสุขภาพ
WA541.JT3 ผ932 ฉ.4 
  Barcode: 033348
ห้องสมุดวิทยาเขตสวรรค์ประชารักษ์
►ส่วนจัดเก็บหนังสือเก่า สปร
บนชั้น
  ขอยืม
5. วิทยาศาสตร์การแพทย์ และสุขภาพ
วิทยาศาสตร์การแพทย์ และสุขภาพ
WA541.JT3 ผ932 ฉ.5 
  Barcode: 033349
ห้องสมุดวิทยาเขตสวรรค์ประชารักษ์
►ส่วนจัดเก็บหนังสือเก่า สปร
บนชั้น
  ขอยืม
6. วิทยาศาสตร์การแพทย์ และสุขภาพ
วิทยาศาสตร์การแพทย์ และสุขภาพ
WA541.JT3 ผ932 ฉ.6 
  Barcode: 033350
ห้องสมุดวิทยาเขตสวรรค์ประชารักษ์
►ส่วนจัดเก็บหนังสือเก่า สปร
บนชั้น
  ขอยืม
7. วิทยาศาสตร์การแพทย์ และสุขภาพ
วิทยาศาสตร์การแพทย์ และสุขภาพ
WA541.JT3 ผ932 ฉ.7 
  Barcode: 033351
ห้องสมุดวิทยาเขตสวรรค์ประชารักษ์
►ส่วนจัดเก็บหนังสือเก่า สปร
บนชั้น
  ขอยืม

รายการใกล้เคียง
    หัวเรื่อง [นโยบายด้านสุขภาพ]
    หัวเรื่อง [แผนพัฒนาสุขภาพแห่งชาติ]

BibComment


ยังไม่เคยถูกคอมเมนท์

คอมเมนท์ทรัพยากรรายการนี้
  คอมเมนท์: แผนพัฒนาสุขภาพแห..


 Copyright 2026. Bcnsprnw @Library